| 000 -LEADER |
| fixed length control field |
02289cam a2200397 i 4500 |
| 001 - CONTROL NUMBER |
| control field |
22341775 |
| 003 - CONTROL NUMBER IDENTIFIER |
| control field |
NUST |
| 005 - DATE AND TIME OF LATEST TRANSACTION |
| control field |
20250324122325.0 |
| 006 - FIXED-LENGTH DATA ELEMENTS--ADDITIONAL MATERIAL CHARACTERISTICS |
| fixed length control field |
m |o d | |
| 007 - PHYSICAL DESCRIPTION FIXED FIELD--GENERAL INFORMATION |
| fixed length control field |
cr ||||||||||| |
| 008 - FIXED-LENGTH DATA ELEMENTS--GENERAL INFORMATION |
| fixed length control field |
130604s2013 nyu o 001 0 eng |
| 010 ## - LIBRARY OF CONGRESS CONTROL NUMBER |
| LC control number |
2020753149 |
| 020 ## - INTERNATIONAL STANDARD BOOK NUMBER |
| International Standard Book Number |
9780071794299 |
| Qualifying information |
ebook |
| 020 ## - INTERNATIONAL STANDARD BOOK NUMBER |
| Canceled/invalid ISBN |
9780071794282 |
| Qualifying information |
alkaline paper |
| 040 ## - CATALOGING SOURCE |
| Original cataloging agency |
DLC |
| Language of cataloging |
eng |
| Description conventions |
rda |
| -- |
pn |
| Transcribing agency |
DLC |
| 050 00 - LIBRARY OF CONGRESS CALL NUMBER |
| Classification number |
TA636 |
| 082 00 - DEWEY DECIMAL CLASSIFICATION NUMBER |
| Classification number |
624.17 MIK |
| Edition number |
23 |
| 100 1# - MAIN ENTRY--PERSONAL NAME |
| Personal name |
Mikhelson, Ilya. |
| 9 (RLIN) |
128521 |
| 245 10 - TITLE STATEMENT |
| Title |
Structural engineering formulas / |
| Statement of responsibility, etc. |
Ilya Mikhelson, Tyler G. Hicks. |
| 250 ## - EDITION STATEMENT |
| Edition statement |
Second edition. |
| 264 #1 - PRODUCTION, PUBLICATION, DISTRIBUTION, MANUFACTURE, AND COPYRIGHT NOTICE |
| Place of production, publication, distribution, manufacture |
New York : |
| Name of producer, publisher, distributor, manufacturer |
McGraw-Hill Education, |
| Date of production, publication, distribution, manufacture, or copyright notice |
2013. |
| 300 ## - PHYSICAL DESCRIPTION |
| Extent |
1 online resource (xvii, 253 pages) |
| 336 ## - CONTENT TYPE |
| Content type term |
text |
| Content type code |
txt |
| Source |
rdacontent |
| 337 ## - MEDIA TYPE |
| Media type term |
computer |
| Media type code |
c |
| Source |
rdamedia |
| 338 ## - CARRIER TYPE |
| Carrier type term |
online resource |
| Carrier type code |
cr |
| Source |
rdacarrier |
| 500 ## - GENERAL NOTE |
| General note |
Includes index. |
| 505 0# - FORMATTED CONTENTS NOTE |
| Formatted contents note |
Part I. Basis of Structural Analysis -- Stress and Strain : Methods of Analysis -- Properties of Geometric Sections -- Part II. Statics -- Beams : Diagrams and Formulas for Various Loading Conditions -- Frames : Diagrams and Formulas for Various Static Loading Conditions -- Arches : Diagrams and Formulas for Various Loading Conditions -- Trusses : Method of Joints and Method of Section Analysis -- Plates : Bending Moments for Various Support and Loading Conditions -- Part III. Soils and Foundations -- Soils -- Foundations -- Part IV. Retaining Structures, Pipes, and Tunnels -- Retaining Structures -- Pipes and Tunnels : Bending Moments for Various Static Loading Conditions -- A. Quick-Use Conversion Tables -- B. Mathematical Formulas: Algebra -- C. Mathematical Formulas: Geometry, Solid Bodies -- D. Mathematical Formulas: Trigonometry -- E. Symbols. |
| 588 ## - SOURCE OF DESCRIPTION NOTE |
| Source of description note |
Description based on print version record and CIP data provided by publisher; resource not viewed. |
| 650 #0 - SUBJECT ADDED ENTRY--TOPICAL TERM |
| Topical term or geographic name entry element |
Structural engineering |
| General subdivision |
Mathematics. |
| 9 (RLIN) |
10974 |
| 650 #0 - SUBJECT ADDED ENTRY--TOPICAL TERM |
| Topical term or geographic name entry element |
Mathematics |
| Form subdivision |
Formulae. |
| 9 (RLIN) |
128522 |
| 700 1# - ADDED ENTRY--PERSONAL NAME |
| Personal name |
Hicks, Tyler Gregory, |
| Dates associated with a name |
1921- |
| 9 (RLIN) |
128523 |
| 776 08 - ADDITIONAL PHYSICAL FORM ENTRY |
| Relationship information |
Print version: |
| Title |
Structural engineering formulas |
| Place, publisher, and date of publication |
New York : McGraw-Hill Education, 2013. |
| International Standard Book Number |
9780071794282 (alkaline paper) |
| Record control number |
(DLC) 2013017859 |
| 906 ## - LOCAL DATA ELEMENT F, LDF (RLIN) |
| a |
0 |
| b |
cbc |
| c |
origcop |
| d |
1 |
| e |
ecip |
| f |
20 |
| g |
y-gencatlg |
| 942 ## - ADDED ENTRY ELEMENTS (KOHA) |
| Source of classification or shelving scheme |
|
| Koha item type |
Book |